000 01193nam0a22003491 4500
001 RU\NLR\INFOCOMM_253\5000034608
005 20260407105013.0
035 _a(NLR Aleph) 009321076
090 _a9396005
_c9396005
100 _a20100902d1970 |||y0rusy50 ca
101 0 _afre
102 _aRU
105 _ay ||||000|y
200 1 _aLangage et histoire
_fA. Dupront (France)
_gXIII-e Congrès international des sciences historiques, Moscou, 16-23 août, 1970
210 _aМ.
_cNaouka
_d1970
215 _a88 с.
_d20 см
309 _aОтпеч. множит. аппаратом
320 _aБиблиогр. в примеч.: с. 78-88
606 _aСоциолингвистика
_2nlr_sh1
606 _aСемасиоллогия
_2nlr_sh1
606 _aСемиотика
_2nlr_sh1
686 _aЯ67
_2rubbk
686 _aЯ145-350
_2rubbk
686 _aЯ74
_2rubbk
686 _aТ211
_2rubbk
700 1 _aDupront
_bA.
_4070
712 1 2 _4570
_8fre
_aCongrès international des sciences historiques
_d13
_f1970
_eMoscou
_7ba
_3RU\NLR\AUTH\8810060655
_9622696
801 1 _aRU
_bNLR
_c20100902
801 0 _aRU
_bNLR
_gPSBO
852 _aNLR
_jЯ11 Д-4/6
942 _cBOOK
980 _aNB